Educar para la libertad
Đã lưu trong:
| Tác giả chính: | |
|---|---|
| Định dạng: | Sách |
| Ngôn ngữ: | Tiếng Tây Ban Nha |
| Được phát hành: |
Santiago
Universitaria
1977
|
| Những chủ đề: | |
| Các nhãn: |
Thêm thẻ
Không có thẻ, Là người đầu tiên thẻ bản ghi này!
|
MARC
| LEADER | 00000nam a2200000 a 4500 | ||
|---|---|---|---|
| 001 | UCU0402 | ||
| 003 | CL-VaPUC | ||
| 008 | 960322e19770000CL |||||||||||||||||spa|d | ||
| 082 | 0 | 4 | |a 370.112 |b POL |2 21 |
| 100 | 0 | |a Polain Cartier, Roberto |e author |9 355529 | |
| 245 | 1 | 0 | |a Educar para la libertad |
| 300 | |a 151 p | ||
| 942 | |c BK | ||
| 945 | |d 19960322 00:00:00 |a cmena | ||
| 260 | |a Santiago |b Universitaria |c 1977 | ||
| 650 | 0 | |a Educación |9 258661 | |
| 650 | 0 | |a Cultura |9 269059 | |
| 650 | 7 | |a HOMBRE |2 CL-VaPUC |9 262149 | |
| 650 | 0 | |a Metodología |9 256610 | |
| 650 | 0 | |a Libertad de enseñanza |9 311567 | |
| 650 | 0 | |a Filosofía de la educación |9 258384 | |
| 583 | |a last modification |c 19960322 00:00:00 |k Rodrigo Vera | ||
| 999 | |c 245259 |d 245257 | ||
| 952 | |0 0 |1 0 |4 0 |6 370_112000000000000_POL_1977 |7 0 |8 P |9 259717 |a BIBEDU |b BIBEDU |c BIBEDU_PB |d 2019-11-19 |i 1632663 |o 370.112 POL 1977 |p 1632663 |r 2024-01-25 |w 2019-11-19 |y BK |k EDU | ||